[Event "Gjøvik GM Swiss"]
[Site "?"]
[Date "2009.01.07"]
[Round "9"]
[White "Arvola, Benjamin"]
[Black "Svensen, Tarjei J."]
[Result "1/2-1/2"]
[WhiteElo "2096"]
[BlackElo "2128"]
[PlyCount "77"]
[EventDate "2008.12.29"]
[SourceDate "2008.12.29"]

1. e4 e6 2. d4 d5 3. Nc3 Nf6 4. Bg5 dxe4 5. Nxe4 Be7 6. Bxf6 gxf6 7. Nf3 a6 8.
Qd2 b5 9. Qe3 Bb7 10. Nc5 Bd5 11. Be2 Qd6 12. a4 b4 13. a5 Nd7 14. Ne4 Qc6 15.
Bd3 h5 16. O-O Rg8 17. Rfc1 Rg4 18. Ned2 Bd6 19. c4 bxc3 20. Rxc3 Qb7 21. h3
Bf4 22. Qe2 Bxd2 (22... Rg8 23. Be4 Qxb2 24. Rac1) 23. hxg4 Bxc3 (23... Qxb2)
24. bxc3 Bxf3 25. gxf3 hxg4 26. Be4 c6 27. fxg4 Qc7 28. Qc4 Qf4 29. Qxc6 Qxg4+
30. Bg2 Ra7 31. Rb1 Qf4 32. d5 (32. Rb6 Qc1+) 32... Ke7 33. Re1 Qd6 34. Qc4 Rc7
35. Qd3 Ne5 36. Qd4 Rc4 (36... Qc5 37. Qd2 (37. Qxc5+ Rxc5 38. dxe6 fxe6 39.
Ra1 Rxc3 (39... Nc6 40. Ra3 Nxa5 41. Bf1 Nc4) 40. Bb7)) 37. Qa7+ Rc7 38. Qd4
Rc4 39. Qa7+ 1/2-1/2

[Event "Gjøvik GM Swiss"]
[Site "?"]
[Date "2009.01.07"]
[Round "9"]
[White "De Firmian, Nick E"]
[Black "Umudova, Nargiz"]
[Result "1/2-1/2"]
[WhiteElo "2545"]
[BlackElo "2219"]
[PlyCount "145"]
[EventDate "2008.12.29"]
[SourceDate "2008.12.29"]

1. e4 c5 2. Nf3 Nc6 3. d4 cxd4 4. Nxd4 Nf6 5. Nc3 e5 6. Ndb5 d6 7. Bg5 a6 8.
Na3 b5 9. Bxf6 gxf6 10. Nd5 f5 11. c3 Bg7 12. exf5 Bxf5 13. Nc2 O-O 14. Nce3
Bd7 15. Bd3 f5 16. Bc2 e4 17. Nf4 b4 18. Ned5 bxc3 19. bxc3 Qg5 20. O-O Ne5 21.
Qh5 h6 22. h4 Qd8 23. Rab1 Be8 24. Qd1 Qxh4 25. g3 Qg5 26. Ne6 Nf3+ 27. Qxf3
exf3 28. Nxg5 hxg5 29. Bxf5 Bb5 30. Rfe1 Be5 31. Re3 Kh8 32. Rxf3 Rxf5 33. Rxf5
Bd3 34. Rxe5 dxe5 35. Re1 Re8 36. Nf6 Re7 37. Ne4 g4 38. Nc5 Bc4 39. Re4 Bxa2
40. Rxg4 Bd5 41. Ne4 Rb7 42. f3 Rb6 43. Kf2 Rc6 44. Ke3 Bxe4 45. Kxe4 Rxc3 46.
Rg6 a5 47. Re6 Rc7 48. Ra6 Rc5 49. Ra7 Kg8 50. g4 Kf8 51. g5 Rb5 52. g6 Rb6 53.
Kf5 Rb3 54. Rf7+ Kg8 55. Kg5 Rb1 56. Ra7 Rf1 57. Kg4 Rg1+ 58. Kh5 Rh1+ 59. Kg5
Rf1 60. Kg4 Rg1+ 61. Kf5 Rf1 62. Ke4 Rg1 63. Kxe5 Rxg6 64. f4 Rh6 65. f5 Kf8
66. Rxa5 Rb6 67. Ra8+ Kf7 68. Ra7+ Kf8 69. Rd7 Ra6 70. Kf4 Rb6 71. Kg5 Ra6 72.
f6 Ra1 73. Rb7 1/2-1/2

[Event "Gjøvik GM Swiss"]
[Site "?"]
[Date "2009.01.07"]
[Round "9"]
[White "Isgandarova, Khayala"]
[Black "Zozulia, Anna"]
[Result "1-0"]
[WhiteElo "2206"]
[BlackElo "2380"]
[PlyCount "95"]
[EventDate "2008.12.29"]
[SourceDate "2008.12.29"]

1. e4 c5 2. Nc3 Nc6 3. g3 g6 4. d3 Bg7 5. Be3 d6 6. Qd2 e6 7. Bg2 Qa5 8. Nf3
Nd4 9. O-O a6 10. Ne1 Bd7 11. f4 Ne7 12. Qf2 O-O 13. Nd1 Rab8 14. g4 f5 15. Bd2
Qc7 16. c3 Ndc6 17. gxf5 exf5 18. Qg3 b5 19. Ne3 b4 20. Nf3 bxc3 21. bxc3 Rb2
22. Nc4 Rb7 23. e5 dxe5 24. Nfxe5 Be6 25. Qe3 Nd5 26. Bxd5 Bxd5 27. Qxc5 Rb5
28. Qd6 Qxd6 29. Nxd6 Rb2 30. Ndc4 Rc2 31. Rfc1 Rxc1+ 32. Rxc1 Nxe5 33. Nxe5
Bxa2 34. Ra1 Bd5 35. Rxa6 Rb8 36. c4 Bf7 37. Ra7 Bxe5 38. fxe5 Rd8 39. Bh6 Be6
40. Re7 Bc8 41. Rg7+ Kh8 42. Rc7 Be6 43. Re7 Bc8 44. d4 Ba6 45. d5 Bxc4 46. d6
Bb5 47. Rb7 Ba4 48. e6 1-0

[Event "Gjøvik GM Swiss"]
[Site "?"]
[Date "2009.01.07"]
[Round "9"]
[White "Korneev, Oleg"]
[Black "Sofrigin, Alexej"]
[Result "0-1"]
[WhiteElo "2623"]
[BlackElo "2252"]
[PlyCount "117"]
[EventDate "2008.12.29"]
[SourceDate "2008.12.29"]

1. e4 c5 2. Nf3 Nc6 3. d4 cxd4 4. Nxd4 Nf6 5. Nc3 e5 6. Ndb5 d6 7. Bg5 a6 8.
Na3 b5 9. Nd5 Be7 10. Bxf6 Bxf6 11. c3 Bg5 12. Nc2 Ne7 13. a4 bxa4 14. Ncb4 O-O
15. Qxa4 Nxd5 16. Nxd5 Bd7 17. Qd1 a5 18. Bc4 Kh8 19. O-O f5 20. exf5 Bxf5 21.
Qe2 Bg6 22. Bd3 Bf7 23. Be4 Rb8 24. g3 Bg8 25. Kg2 Rb3 26. h4 Bf6 27. Rfd1 Qb8
28. Rd2 Bd8 29. f3 Rf7 30. Ne3 Ra7 31. Bd5 Bxd5 32. Nxd5 Rab7 33. Ra2 Bb6 34.
g4 h6 35. Kg3 Rf7 36. Qe4 Bd8 37. Qg6 Qa7 38. Ra1 Qd7 39. Rad1 Rf8 40. Ne3 Bc7
41. Qe4 Rf4 42. Qg6 Qf7 43. Qxf7 Rxf7 44. h5 Kg8 45. Re2 Bb8 46. Rd5 Rfb7 47.
Nc4 R7b5 48. Red2 Rxd5 49. Rxd5 a4 50. Ra5 Kf7 51. f4 exf4+ 52. Kxf4 d5+ 53.
Ne5+ Ke6 54. Ra6+ Bd6 55. Rc6 Rxb2 56. c4 Rb4 57. Ke3 Kxe5 58. c5 Be7 59. Kf3
0-1

[Event "Gjøvik GM Swiss"]
[Site "?"]
[Date "2009.01.07"]
[Round "9"]
[White "Kovachev, Daniel Jakobsen"]
[Black "Elsness, Frode"]
[Result "0-1"]
[WhiteElo "2227"]
[BlackElo "2440"]
[PlyCount "106"]
[EventDate "2008.12.29"]
[SourceDate "2008.12.29"]

1. e4 e5 2. Nf3 Nc6 3. Bb5 Nf6 4. O-O Nxe4 5. d4 Nd6 6. Bxc6 dxc6 7. dxe5 Nf5
8. Qxd8+ Kxd8 9. Nc3 Ne7 10. h3 Ng6 11. Be3 h6 12. Rad1+ Ke8 13. a3 Be7 14.
Rfe1 a6 15. Ne4 Bf5 16. Bc1 Rd8 17. Rxd8+ Kxd8 18. g4 Bd7 19. Ng3 Re8 20. Nf5
Bf8 21. N5h4 Nxh4 22. Nxh4 h5 23. f3 Bc5+ 24. Kf1 hxg4 25. fxg4 Rh8 26. Bg5+
Be7 27. Bxe7+ Kxe7 28. Nf5+ Bxf5 29. gxf5 Rxh3 30. Kg2 Rh5 31. Rf1 g6 32. fxg6
fxg6 33. Rd1 Rxe5 34. Rd2 Rb5 35. c3 Rd5 36. Re2+ Kd6 37. Kf3 Kc5 38. Rg2 g5
39. Ke2 a5 40. Rg4 b5 41. Re4 a4 42. Rg4 Kd6 43. Rg1 Re5+ 44. Kf2 Ke6 45. Rg4
Kf5 46. Rg1 Kf4 47. Rh1 Ke4 48. Ke2 Kd5+ 49. Kf3 Kc4 50. Rh2 Kb3 51. Kg4 c5 52.
Kf3 c4 53. Rg2 c6 0-1

[Event "Gjøvik GM Swiss"]
[Site "?"]
[Date "2009.01.07"]
[Round "9"]
[White "Kulaots, Kaido"]
[Black "Mchedlishvili, Mikheil"]
[Result "1-0"]
[WhiteElo "2556"]
[BlackElo "2615"]
[PlyCount "67"]
[EventDate "2008.12.29"]
[SourceDate "2008.12.29"]

1. e4 c5 2. Nf3 Nc6 3. d4 cxd4 4. Nxd4 Nf6 5. Nc3 d6 6. Bg5 e6 7. Qd2 Qb6 8.
Bxf6 gxf6 9. Nb3 Bd7 10. O-O-O O-O-O 11. f4 Rg8 12. g3 Na5 13. Kb1 Kb8 14. Qe2
Nxb3 15. axb3 Qc5 16. Bh3 Be7 17. f5 Rg5 18. Rhf1 Qe5 19. Rf4 h6 20. Nd5 Bf8
21. Ne3 Bb5 22. Qf3 h5 23. Bf1 Bd7 24. fxe6 Bxe6 25. Bc4 Rg6 26. Rh4 Rg5 27.
Bxe6 fxe6 28. Nc4 Qc5 29. Qxf6 Rc8 30. e5 Rxe5 31. Nxe5 Qxc2+ 32. Ka2 Qxd1 33.
Nd7+ Ka8 34. Rc4 1-0

[Event "Gjøvik GM Swiss"]
[Site "?"]
[Date "2009.01.07"]
[Round "9"]
[White "Kvisla, Johannes"]
[Black "Kaplan, Sasha"]
[Result "0-1"]
[WhiteElo "2221"]
[BlackElo "2425"]
[PlyCount "114"]
[EventDate "2008.12.29"]
[SourceDate "2008.12.29"]

1. d4 Nf6 2. c4 c5 3. d5 e6 4. Nc3 exd5 5. cxd5 d6 6. e4 g6 7. f3 Bg7 8. Bg5 h6
9. Be3 O-O 10. Qd2 Re8 11. Nge2 h5 12. Nc1 Na6 13. Be2 Nc7 14. a4 Bd7 15. O-O
a6 16. Nd3 Nfxd5 17. Bg5 Bd4+ 18. Kh1 Nf6 19. Bf4 Bc6 20. b4 Ne6 21. Bg3 b6 22.
Rac1 b5 23. axb5 axb5 24. Rfd1 Qe7 25. Bf1 c4 26. Ne1 Be5 27. Nc2 Bxg3 28. hxg3
Red8 29. Ne3 Nc7 30. Qd4 Ne6 31. Qb6 Qc7 32. Qxc7 Nxc7 33. Nc2 Ne6 34. Nd4 Nxd4
35. Rxd4 Kf8 36. Rcd1 Ke7 37. Re1 Rd7 38. e5 dxe5 39. Rxe5+ Kf8 40. Rf4 Nd5 41.
Nxd5 Rxd5 42. Re1 Rad8 43. Bxc4 bxc4 44. Rxc4 Bb5 45. Rc2 Rd1 46. Rc1 Rxe1+ 47.
Rxe1 Ba4 48. Kh2 Rd1 49. Re4 Bd7 50. Rc4 Rb1 51. Rd4 Ke7 52. Re4+ Kd6 53. Rd4+
Kc6 54. Rc4+ Kb6 55. g4 hxg4 56. Kg3 gxf3 57. gxf3 Be6 0-1

[Event "Gjøvik GM Swiss"]
[Site "?"]
[Date "2009.01.07"]
[Round "9"]
[White "Savchenko, Boris"]
[Black "Gopal, Geetha Narayanan"]
[Result "1/2-1/2"]
[WhiteElo "2648"]
[BlackElo "2548"]
[PlyCount "96"]
[EventDate "2008.12.29"]
[SourceDate "2008.12.29"]

1. c4 c5 2. Nf3 Nf6 3. Nc3 d5 4. cxd5 Nxd5 5. g3 Nc6 6. Bg2 Nc7 7. d3 e5 8. Nd2
Bd7 9. Nc4 Be7 10. O-O f6 11. Qb3 Rb8 12. e4 Be6 13. Nd5 Nxd5 14. exd5 Bxd5 15.
Nd6+ Qxd6 16. Qxd5 Qxd5 17. Bxd5 Rd8 18. Be4 Rd7 19. Be3 Nb4 20. Rfc1 b6 21. a3
Nd5 22. b4 Nxe3 23. fxe3 Kf7 24. bxc5 Bxc5 25. Kf2 g6 26. Ke2 Rc8 27. a4 f5 28.
Bg2 Ke6 29. Rab1 Rdc7 30. Rb5 Bd6 31. Bd5+ Ke7 32. Rxc7+ Rxc7 33. a5 Rc2+ 34.
Kd1 Rxh2 35. axb6 axb6 36. Rxb6 Rh3 37. Rb7+ Kf6 38. Rb6 Ke7 39. Rb7+ Kf8 40.
Ke2 Rxg3 41. Rf7+ Ke8 42. Rxh7 Bc5 43. Bf3 g5 44. Kf2 f4 45. d4 exd4 46. exf4
gxf4 47. Rh5 Be7 48. Re5 Rg5 1/2-1/2

[Event "Gjøvik GM Swiss"]
[Site "?"]
[Date "2009.01.07"]
[Round "9"]
[White "Gyldenås, Ole-Jørn"]
[Black "Savchenko, Yuri"]
[Result "1-0"]
[WhiteElo "2075"]
[BlackElo "2081"]
[PlyCount "133"]
[EventDate "2008.12.29"]
[SourceDate "2008.12.29"]

1. d4 Nf6 2. Nf3 d5 3. g3 g6 4. Bg2 Bg7 5. O-O O-O 6. c4 e6 7. Qc2 c6 8. b3
Nbd7 9. Bb2 Ne4 10. Nfd2 f5 11. f3 Nd6 12. e4 f4 13. Bh3 dxe4 14. Bxe6+ Kh8 15.
fxe4 fxg3 16. hxg3 Qg5 17. Kg2 Nf6 18. Nf3 Ng4 19. Bc1 Qe7 20. Bxc8 Raxc8 21.
Nc3 Rce8 22. e5 Nf5 23. Qe4 h5 24. Bg5 Qa3 25. Rab1 c5 26. Nh4 Nxh4+ 27. gxh4
cxd4 28. Qxg6 dxc3 29. Qxh5+ Kg8 30. Qxg4 Rxe5 31. Bh6 Re7 32. Rxf8+ Kxf8 33.
Rf1+ Kg8 34. Kh1 Qd6 35. Bxg7 Qc6+ 36. Qf3 Kxg7 37. Qxc6 bxc6 38. Rc1 Re3 39.
Kg1 Kh6 40. Kg2 c5 41. Kf2 Rh3 42. Ke2 Kh5 43. Kd1 Kxh4 44. Kc2 Rh2+ 45. Kxc3
Rxa2 46. Re1 Kg4 47. Rf1 Ra5 48. Kd3 Ra3 49. Ke4 Rxb3 50. Rg1+ Rg3 51. Ra1 Kg5
52. Kd5 Kf6 53. Rxa7 Rc3 54. Rc7 Rc1 55. Rh7 Rg1 56. Kxc5 Ke5 57. Re7+ Kf6 58.
Re2 Rb1 59. Kc6 Rc1 60. c5 Rd1 61. Kc7 Kf7 62. c6 Rb1 63. Kc8 Rc1 64. c7 Rb1
65. Ra2 Ke7 66. Ra7 Rh1 67. Kb8 1-0

[Event "Gjøvik GM Swiss"]
[Site "?"]
[Date "2009.01.07"]
[Round "9"]
[White "Bryn, Thomas"]
[Black "Nilsen, Joachim B"]
[Result "1-0"]
[WhiteElo "2025"]
[BlackElo "2184"]
[PlyCount "120"]
[EventDate "2008.12.29"]
[SourceDate "2008.12.29"]

1. d4 d5 2. Nf3 c6 3. c4 e6 4. e3 Nf6 5. b3 Nbd7 6. Bb2 Bd6 7. Bd3 O-O 8. O-O
Qe7 9. Ne5 Ne8 10. Qc2 f5 11. f3 Qf6 12. f4 Qe7 13. g4 g6 14. g5 Nxe5 15. dxe5
Bc5 16. Bd4 b6 17. Nc3 Ba6 18. Ne2 Rc8 19. Qd2 Bb7 20. cxd5 exd5 21. Bxc5 Qxc5
22. b4 Qe7 23. Rac1 Ng7 24. Nd4 Rc7 25. Rc2 Rfc8 26. Rfc1 a6 27. Be2 c5 28.
bxc5 Rxc5 29. Nb3 Rxc2 30. Rxc2 Rxc2 31. Qxc2 Ne6 32. Qd2 Nc5 33. Bf3 Qd7 34.
Nd4 Kf7 35. Qb4 Qc7 36. Qc3 Ne6 37. Qxc7+ Nxc7 38. Kf2 Ne6 39. Nb3 Nc5 40. Nd4
Nd3+ 41. Kf1 Ke7 42. Bd1 Nc5 43. Bc2 Ne6 44. Nxe6 Kxe6 45. Ke2 Kd7 46. Kd3 Kc6
47. Kd4 Bc8 48. e6 Kd6 49. e7 Kxe7 50. Ke5 Be6 51. Bb3 b5 52. Bxd5 Bxd5 53.
Kxd5 Kd7 54. Kc5 Kc7 55. h4 Kb7 56. Kd4 Kc8 57. e4 Kd7 58. exf5 Ke7 59. f6+ Kd6
60. Kc3 a5 1-0

[Event "Gjøvik GM Swiss"]
[Site "?"]
[Date "2009.01.07"]
[Round "9"]
[White "Carlsen, Ellen Øen"]
[Black "Strand, Kjetil"]
[Result "0-1"]
[WhiteElo "1888"]
[BlackElo "2057"]
[PlyCount "130"]
[EventDate "2008.12.29"]
[SourceDate "2008.12.29"]

1. e4 e5 2. Nf3 Nc6 3. Bb5 a6 4. Ba4 Nf6 5. O-O Be7 6. Re1 b5 7. Bb3 d6 8. c3
O-O 9. h3 Na5 10. Bc2 c5 11. d4 Qc7 12. Nbd2 cxd4 13. cxd4 Nc6 14. Nb3 a5 15.
Be3 a4 16. Nbd2 Bd7 17. Rc1 Qb7 18. d5 Nb4 19. Bb1 g6 20. Nf1 Nh5 21. Kh2 Rfc8
22. Qd2 Na6 23. g4 Ng7 24. Ng3 Be8 25. b4 axb3 26. axb3 b4 27. Red1 Bd8 28. Ne1
Bb6 29. Bxb6 Qxb6 30. Nd3 Bb5 31. Kg2 Bxd3 32. Bxd3 Rxc1 33. Rxc1 Nc5 34. Bc4
Ra3 35. Qe1 Qa5 36. h4 Ne8 37. Qe3 Nf6 38. g5 Nfd7 39. h5 Ra1 40. Rxa1 Qxa1 41.
Ne2 Qb1 42. f3 Qe1 43. h6 f5 44. gxf6 Nxf6 45. Qg5 Kf7 46. Ng3 Qb1 47. Nf5
Ncxe4 48. Nxd6+ Nxd6 49. Qxe5 Qc2+ 50. Kg1 Qc1+ 51. Kg2 Qd2+ 52. Kg1 Nfe8 53.
f4 Qd1+ 54. Kf2 Qg4 55. Be2 Qh4+ 56. Kg2 Qxh6 57. Bg4 Qg7 58. Be6+ Kf8 59. Qg5
Nf6 60. Qg3 Nh5 61. Qg5 Qb2+ 62. Kf1 Qc1+ 63. Kg2 Nxf4+ 64. Kf3 Qf1+ 65. Ke3
Ng2+ 0-1

[Event "Gjøvik GM Swiss"]
[Site "?"]
[Date "2009.01.07"]
[Round "9"]
[White "Demac, Elias"]
[Black "Thingstad, Even"]
[Result "1/2-1/2"]
[WhiteElo "1993"]
[BlackElo "2065"]
[PlyCount "91"]
[EventDate "2008.12.29"]
[SourceDate "2008.12.29"]

1. d4 e6 2. Nf3 Nf6 3. c4 Bb4+ 4. Nbd2 d5 5. e3 O-O 6. Bd3 Nbd7 7. O-O b6 8. e4
dxe4 9. Nxe4 Bb7 10. Bg5 Be7 11. Qc2 h6 12. Bh4 c5 13. dxc5 Nxe4 14. Bxe7 Qxe7
15. Bxe4 Bxe4 16. Qxe4 Nxc5 17. Qe3 Rad8 18. Rfd1 Rd6 19. Rd4 Rxd4 20. Nxd4 Qd6
21. Nb5 Qd7 22. b4 Na6 23. Qa3 Rd8 24. h3 Qb7 25. Qa4 Rd2 26. Nxa7 Qxa7 27. b5
Rd8 28. bxa6 Kh7 29. Rd1 Rxd1+ 30. Qxd1 Qxa6 31. Qb3 Qa5 32. Kf1 Qd2 33. g3 Qd4
34. a3 g6 35. Kg2 Kg8 36. Qb4 Qe4+ 37. Kg1 Qc6 38. Kh2 Kg7 39. a4 Kh7 40. Qb5
Qc7 41. h4 h5 42. Kg1 Kg7 43. Kf1 Qd6 44. Ke2 Qd4 45. Qc6 Kf6 46. Kf1 1/2-1/2

[Event "Gjøvik GM Swiss"]
[Site "?"]
[Date "2009.01.07"]
[Round "9"]
[White "Torgersen, Terje"]
[Black "Haugstad, Espen"]
[Result "0-1"]
[WhiteElo "2051"]
[BlackElo "2091"]
[PlyCount "54"]
[EventDate "2008.12.29"]
[SourceDate "2008.12.29"]

1. d4 d5 2. Nf3 Nf6 3. c4 c6 4. Nc3 e6 5. e3 Nbd7 6. Bd3 dxc4 7. Bxc4 b5 8. Bd3
a6 9. e4 c5 10. e5 cxd4 11. Ne4 Nd5 12. Bg5 Qa5+ 13. Bd2 Qb6 14. O-O Be7 15.
Qe2 Bb7 16. Rac1 O-O 17. Neg5 g6 18. Qe4 h6 19. Nxf7 Rxf7 20. Qxg6+ Rg7 21.
Qxh6 Nb4 22. Bxb4 Bxf3 23. Qxg7+ Kxg7 24. Bxe7 Nxe5 25. Bc5 Qd8 26. Bb1 Qg5 27.
g3 Qg4 0-1

[Event "Gjøvik GM Swiss"]
[Site "?"]
[Date "2009.01.07"]
[Round "9"]
[White "Larsen, Tor Kristian"]
[Black "Haug, Marianne Wold"]
[Result "1-0"]
[WhiteElo "2109"]
[BlackElo "1940"]
[PlyCount "77"]
[EventDate "2008.12.29"]
[SourceDate "2008.12.29"]

1. d4 Nf6 2. c4 g6 3. Nc3 Bg7 4. e4 d6 5. Nf3 O-O 6. Be2 e5 7. O-O Nc6 8. d5
Ne7 9. b4 Nh5 10. Re1 f5 11. Ng5 Nf6 12. Bf3 c6 13. b5 h6 14. Ne6 Bxe6 15. dxe6
Ne8 16. Ba3 Rf6 17. c5 d5 18. exd5 e4 19. Bxe4 fxe4 20. Nxe4 Qxd5 21. Nxf6+
Bxf6 22. Qxd5 Nxd5 23. Rad1 Nec7 24. bxc6 bxc6 25. Rb1 Re8 26. Rb7 a6 27. Ra7
Kg7 28. Re4 Bc3 29. Bc1 Kf6 30. Bxh6 Rxe6 31. Bg7+ Kf5 32. Rxe6 Nxe6 33. Bxc3
Nxc3 34. Rxa6 Nxc5 35. Rxc6 N5a4 36. Rc4 Ke5 37. Kf1 g5 38. a3 Kf5 39. Ke1 1-0

[Event "Gjøvik GM Swiss"]
[Site "?"]
[Date "2009.01.07"]
[Round "9"]
[White "Flermoen, Peter"]
[Black "Blikra Vea, Odin"]
[Result "0-1"]
[WhiteElo "1977"]
[BlackElo "2169"]
[PlyCount "98"]
[EventDate "2008.12.29"]
[SourceDate "2008.12.29"]

1. Nf3 Nf6 2. c4 e6 3. Nc3 Bb4 4. g3 O-O 5. Bg2 Nc6 6. O-O d5 7. d4 dxc4 8. Bg5
h6 9. Bxf6 Qxf6 10. e3 Rd8 11. Nd2 e5 12. d5 Na5 13. Qa4 Qb6 14. a3 Bd6 15.
Nxc4 Nxc4 16. Qxc4 Bf5 17. b4 a6 18. Rfc1 Rac8 19. Na4 Qa7 20. Nc5 Rb8 21. a4
a5 22. bxa5 Qxa5 23. Nb3 Qa7 24. Be4 Bd7 25. Bd3 b6 26. Nd2 Qb7 27. Rab1 Ra8
28. Bc2 Ra5 29. Bb3 Bf5 30. Ne4 Ba3 31. Rd1 Bg6 32. f3 Bc5 33. Kf2 Qc8 34. h4
Kh7 35. g4 f5 36. h5 Bf7 37. gxf5 c6 38. Nxc5 Rxc5 39. Qg4 cxd5 40. Rg1 Rg8 41.
e4 Rc6 42. exd5 Rc3 43. Kg3 Qc5 44. Qe4 Rxb3 45. Rgc1 Qxd5 46. Rxb3 Qxe4 47.
fxe4 Bxb3 48. Rb1 Bxa4 49. Rxb6 Bc2 0-1

[Event "Gjøvik GM Swiss"]
[Site "?"]
[Date "2009.01.07"]
[Round "9"]
[White "Stray, Gunnar"]
[Black "Strand, Håkon"]
[Result "1/2-1/2"]
[WhiteElo "2124"]
[BlackElo "2047"]
[PlyCount "27"]
[EventDate "2008.12.29"]
[SourceDate "2008.12.29"]

1. d4 d5 2. Nf3 Nf6 3. e3 Bf5 4. c4 c6 5. Nc3 e6 6. cxd5 exd5 7. Qb3 Qb6 8. Be2
Nbd7 9. Bd2 Bd6 10. Rc1 O-O 11. Na4 Qxb3 12. axb3 Ne4 13. O-O Rac8 14. Nc3
1/2-1/2

[Event "Gjøvik GM Swiss"]
[Site "?"]
[Date "2009.01.07"]
[Round "9"]
[White "Hansen, Pål Andreas"]
[Black "Hagen, Anders G."]
[Result "1/2-1/2"]
[WhiteElo "2074"]
[BlackElo "2110"]
[PlyCount "30"]
[EventDate "2008.12.29"]
[SourceDate "2008.12.29"]

1. d4 d5 2. Nc3 c6 3. e4 dxe4 4. Nxe4 Bf5 5. Ng3 Bg6 6. h4 h6 7. Nf3 Nd7 8. h5
Bh7 9. Bd3 Bxd3 10. Qxd3 e6 11. Bd2 Qc7 12. O-O-O Ngf6 13. Ne4 O-O-O 14. g3 Nc5
15. Nxc5 Bxc5 1/2-1/2

[Event "Gjøvik GM Swiss"]
[Site "?"]
[Date "2009.01.07"]
[Round "9"]
[White "Tofte, Sondre Waage"]
[Black "Skvortsov, Mikhail S"]
[Result "1-0"]
[WhiteElo "2120"]
[BlackElo "2335"]
[PlyCount "49"]
[EventDate "2008.12.29"]
[SourceDate "2008.12.29"]

1. e4 e6 2. d4 d5 3. Nd2 dxe4 4. Nxe4 Nd7 5. Nf3 Ngf6 6. Bd3 Be7 7. Qe2 O-O 8.
Bg5 h6 9. Bh4 c5 10. dxc5 Bxc5 11. O-O-O Be7 12. g4 Nxg4 13. Rhg1 Bxh4 14. Rxg4
Bf6 15. Bb5 Qb6 16. Rxd7 Bg5+ 17. Nexg5 Bxd7 18. Bxd7 hxg5 19. Nxg5 Rfd8 20.
Ba4 Rd4 21. Qf3 f5 22. Rf4 Rad8 23. c3 Rd2 24. Bb3 R8d5 25. Qh5 1-0

[Event "Gjøvik GM Swiss"]
[Site "?"]
[Date "2009.01.06"]
[Round "9"]
[White "Agdestein, Emil Døving"]
[Black "Nyland, Thomas"]
[Result "1-0"]
[WhiteElo "2145"]
[BlackElo "2140"]
[PlyCount "109"]
[EventDate "2008.12.29"]
[SourceDate "2008.12.29"]

1. e4 e5 2. Nf3 Nc6 3. Bb5 Nf6 4. d3 d6 5. c3 Be7 6. Nbd2 O-O 7. Nf1 Bg4 8. h3
Bxf3 9. Qxf3 d5 10. g4 dxe4 11. dxe4 Ne8 12. Be3 Nd6 13. Rd1 Bg5 14. Bc5 Qe7
15. Bxc6 bxc6 16. Ne3 Bxe3 17. Qxe3 Qe6 18. b3 a5 19. O-O a4 20. c4 axb3 21.
axb3 Rfd8 22. Rd3 Nb7 23. Rfd1 Rxd3 24. Rxd3 Nxc5 25. Qxc5 h5 26. gxh5 Qf6 27.
Qe3 Qh4 28. Qf3 Ra1+ 29. Kg2 Ra2 30. Qf5 Re2 31. Rd7 Qxe4+ 32. Qxe4 Rxe4 33.
Rxc7 Re2 34. Rxc6 Rb2 35. Rc8+ Kh7 36. Rb8 e4 37. Kg3 f5 38. c5 Rc2 39. b4 Rc3+
40. Kg2 f4 41. Rb6 Rc2 42. Kf1 Rc1+ 43. Ke2 Rc2+ 44. Ke1 f3 45. c6 Re2+ 46. Kd1
e3 47. fxe3 Rxe3 48. Rb8 f2 49. Rf8 Re1+ 50. Kd2 f1=Q 51. Rxf1 Rxf1 52. c7 Rf8
53. b5 Rc8 54. b6 Kh6 55. Kd3 1-0

[Event "Gjøvik GM Swiss"]
[Site "?"]
[Date "2009.01.07"]
[Round "9"]
[White "Haarr, Jon Kristian"]
[Black "Tjølsen, Katrine"]
[Result "1-0"]
[WhiteElo "2057"]
[BlackElo "2110"]
[PlyCount "103"]
[EventDate "2008.12.29"]
[SourceDate "2008.12.29"]

1. e4 c5 2. c3 g6 3. d4 cxd4 4. cxd4 d5 5. exd5 Nf6 6. Nc3 Nxd5 7. Qb3 Nb6 8.
d5 Bg7 9. Be3 O-O 10. Rd1 N8d7 11. Be2 Nf6 12. h3 Bf5 13. Bf3 Ne8 14. Nge2 Nd6
15. O-O Nbc4 16. Bg5 h6 17. Bf4 Qb6 18. g4 Bd7 19. Qxb6 Nxb6 20. b3 Rfd8 21. a4
g5 22. Be3 Be5 23. Ne4 Nbc8 24. Nc5 a6 25. Nd4 Na7 26. Rfe1 Bf6 27. Nxb7 Bxd4
28. Nxd8 Bxe3 29. Nc6 Bf4 30. Rxe7 Bxc6 31. dxc6 Nac8 32. Rd7 a5 33. Rd8+ Kg7
34. c7 Ra7 35. R1xd6 Bxd6 36. Rxc8 Rxc7 37. Ra8 Bb4 38. Bd5 Rd7 39. Bc4 Re7 40.
Kg2 Bc3 41. Rb8 Bb4 42. Rb5 Bc3 43. Rf5 Bb4 44. h4 gxh4 45. Kh3 Bc3 46. Kxh4
Bb4 47. Kg3 Be1 48. Kg2 Bb4 49. f3 Bd2 50. Bd5 Bc3 51. Be4 Re5 52. Rxe5 1-0

[Event "Gjøvik GM Swiss"]
[Site "?"]
[Date "2009.01.07"]
[Round "9"]
[White "Toma, Katarzyna"]
[Black "Hobber, Anders"]
[Result "1/2-1/2"]
[WhiteElo "2230"]
[BlackElo "1987"]
[PlyCount "93"]
[EventDate "2008.12.29"]
[SourceDate "2008.12.29"]

1. e4 e6 2. d4 d5 3. Nc3 h6 4. e5 c5 5. dxc5 Nc6 6. Nf3 Bxc5 7. Bd3 Qc7 8. O-O
Nxe5 9. Bf4 Nxf3+ 10. Qxf3 Qd8 11. Nb5 Bb6 12. Qg3 Kf8 13. Bc7 Qd7 14. a4 Nf6
15. a5 Bc5 16. Be5 a6 17. Nc7 Ra7 18. b4 Bxb4 19. Qe3 Ng4 20. Bxg7+ Kxg7 21.
Qxa7 Qd6 22. g3 Bc5 23. Qb8 e5 24. Rab1 h5 25. Be2 h4 26. Bxg4 hxg3 27. Ne8+
Rxe8 28. Qxd6 gxh2+ 29. Kxh2 Bxd6 30. Bxc8 e4+ 31. Kg2 Rxc8 32. Rxb7 Kf6 33.
Rd1 Ke6 34. Rd2 Rc5 35. Rb6 Rxa5 36. c4 Rc5 37. cxd5+ Rxd5 38. Rxd5 Kxd5 39.
Rxa6 f5 40. Ra5+ Ke6 41. Kf1 f4 42. Ra4 Kf5 43. Ra5+ Kg4 44. Ke2 Bc7 45. Rb5
Bd6 46. Rd5 Bc7 47. Rb5 1/2-1/2

[Event "Gjøvik GM Swiss"]
[Site "?"]
[Date "2009.01.07"]
[Round "9"]
[White "Lohou, Stephane"]
[Black "Dolzhikova, Olga"]
[Result "1-0"]
[WhiteElo "2132"]
[BlackElo "2291"]
[PlyCount "50"]
[EventDate "2008.12.29"]
[SourceDate "2008.12.29"]

1. e4 d5 2. exd5 Qxd5 3. Nc3 Qa5 4. b4 Qxb4 5. Rb1 Qd6 6. d4 c6 7. Nf3 Nf6 8.
Bd3 Qc7 9. h3 e6 10. O-O Bd6 11. Ne4 Nxe4 12. Bxe4 Nd7 13. c4 Nf6 14. Bc2 b6
15. Re1 Bb7 16. Be3 Rc8 17. Qc1 c5 18. Ba4+ Kf8 19. dxc5 Bxc5 20. Bf4 Bd6 21.
Bxd6+ Qxd6 22. Ne5 h6 23. Qf4 Rc7 24. c5 Qe7 25. Rbc1 Nd5 {Incomplete} 1-0

[Event "Gjøvik GM Swiss"]
[Site "?"]
[Date "2009.01.07"]
[Round "9"]
[White "Devereaux, Maxim"]
[Black "Skrondal, Inge Sandstad"]
[Result "1/2-1/2"]
[WhiteElo "2415"]
[BlackElo "2216"]
[PlyCount "60"]
[EventDate "2008.12.29"]
[SourceDate "2008.12.29"]

1. Nf3 g6 2. c4 Bg7 3. Nc3 Nf6 4. e4 d6 5. d4 O-O 6. Be2 e5 7. O-O Na6 8. Be3
Ng4 9. Bg5 Qe8 10. h3 h6 11. Bc1 Nf6 12. dxe5 dxe5 13. Be3 Qe7 14. Qc1 Kh7 15.
Nd5 Qd8 16. Nxf6+ Qxf6 17. Qc3 c5 18. a3 b6 19. b4 Qe7 20. Nd2 cxb4 21. axb4
Qxb4 22. Qxb4 Nxb4 23. Bxb6 Nc6 24. Bc5 Rd8 25. Nb3 Be6 26. Rfc1 Bf8 27. Bxf8
Rxf8 28. Ra6 Rfc8 29. Bf1 Nb8 30. Ra3 Nd7 1/2-1/2

[Event "Gjøvik GM Swiss"]
[Site "?"]
[Date "2009.01.07"]
[Round "9"]
[White "Løvik, Lasse Østebø"]
[Black "Mamedjarova, Turkan"]
[Result "0-1"]
[WhiteElo "2167"]
[BlackElo "2269"]
[PlyCount "39"]
[EventDate "2008.12.29"]
[SourceDate "2008.12.29"]

1. e4 e5 2. Nf3 Nc6 3. Bb5 a6 4. Ba4 Nf6 5. O-O Be7 6. Re1 b5 7. Bb3 d6 8. c3
O-O 9. h3 Na5 10. Bc2 c5 11. d4 Qc7 12. d5 Bd7 13. b3 Nb7 14. c4 Rab8 15. Nbd2
Na5 16. Nh2 Ne8 17. Ng4 Bg5 18. Ne3 g6 19. Ndf1 Qd8 20. cxb5 0-1

[Event "Gjøvik GM Swiss"]
[Site "?"]
[Date "2009.01.07"]
[Round "9"]
[White "Stokke, Kjetil"]
[Black "Bjerke, Richard"]
[Result "0-1"]
[WhiteElo "2334"]
[BlackElo "2179"]
[PlyCount "62"]
[EventDate "2008.12.29"]
[SourceDate "2008.12.29"]

1. Nf3 d5 2. d4 Nf6 3. g3 e6 4. Bg2 Be7 5. c4 O-O 6. O-O dxc4 7. Qc2 a6 8. Qxc4
b5 9. Qc2 Bb7 10. Bd2 Ra7 11. e3 Nbd7 12. Ba5 Qa8 13. Nbd2 Ne4 14. Ne5 Nxd2 15.
Bxb7 Qxb7 16. Qxd2 Nxe5 17. dxe5 Rd8 18. Qc2 Rd5 19. Rfd1 c5 20. f4 Qc6 21. e4
Rxd1+ 22. Rxd1 Rd7 23. Rxd7 Qxd7 24. Be1 c4 25. Kf2 Qd4+ 26. Kf3 Qg1 27. Ba5
Bc5 28. Kg4 Qf1 29. f5 h5+ 30. Kxh5 Qh3+ 31. Kg5 Be3# 0-1